00534nam a2200169Ia 4500003000900000008004100009040001600050080001600066100002100082245005100103260003300154300001500187650002000202942000700222999001500229952012000244IN-BaIIA211028s9999 xx 000 0 eng d cIIA Library a550.38bBLE aBlcil, D F96588 0aNatural electrodynamics phenomenacD. F. Blcil aNew YorkbPlenum Pressc1964 avii, 470p. aPhenomena91772 cBK c3710d3710 00104070aBANbKODcGENd1971-02-10g183.75l0o550.38/ BLEp4137r2021-11-05v183.75w1971-02-10yBKGRs. 183.75